Annals of behavioral medicine
| Autor Corporativo: | |
|---|---|
| Formato: | Electrónico Revista |
| Lenguaje: | inglés |
| Publicado: |
Mahwah, N.J. :
Lawrence Erlbaum Associates
[New York] : Springer Verlag Oxford : Oxford University Press |
| Materias: | |
| Acceso en línea: | Full text available from Research Library: 03/01/1997 to 12/31/2017 |
MARC
| LEADER | 00000nas a2200000 a 4500 | ||
|---|---|---|---|
| 001 | ssj0003416 | ||
| 003 | WaSeSS | ||
| 005 | 20200512172242.0 | ||
| 006 | m d | ||
| 007 | cr n | ||
| 008 | 001115c19859999enkmr pss 0 a0eng c | ||
| 010 | |a 00213568 | ||
| 016 | 7 | |a 012432026 |2 Uk | |
| 022 | |a 1532-4796 |l 0883-6612 |y 0883-6612 | ||
| 035 | |a (WaSeSS)ssj0003416 | ||
| 040 | |a NSD |b eng |e pn |c NSD |d OCLCQ |d PIT |d F#A |d OCLCQ |d MYG |d UKMGB |d DLC |d OCLCQ |d BUF |d OCLCQ |d OCLCF |d OCLCO |d OCLCQ |d OCLCO |d OCLCQ |d WT2 |d OCLCO |d OCLCQ |d IOG |d OCLCO |d OCLCA |d SCB |d OCLCO |d DLC |d U3W |d OCLCO |d DKU |d OCLCO |d OCLCQ |d AU@ |d OCLCO |d WYU |d OCLCO |d UWO |d TKN |d LEAUB |d CNTRU |d DLC |d OCLCQ |d OCLCO |d SFB |d WaSeSS | ||
| 042 | |a pcc |a nsdp | ||
| 050 | 0 | 0 | |a R726.5 |
| 082 | 1 | 0 | |a 616.0019 |2 14 |
| 210 | 0 | |a Annals behav. med. |b (Online) | |
| 222 | 0 | |a Annals of behavioral medicine |b (Online) | |
| 245 | 0 | 0 | |a Annals of behavioral medicine |h [electronic resource]. |
| 260 | |a Mahwah, N.J. : |b Lawrence Erlbaum Associates | ||
| 260 | 3 | |3 2008- : |a [New York] : |b Springer Verlag | |
| 260 | 3 | |3 2018- : |a Oxford : |b Oxford University Press | |
| 310 | |a Monthly, |b 2018- | ||
| 321 | |a Quarterly | ||
| 362 | 1 | |a Print began with vol. 7, no. 1, published in 1985. | |
| 500 | |a A publication of the Society of Behavioral Medicine. | ||
| 506 | |a License restrictions may limit access. | ||
| 538 | |a Mode of access: World Wide Web. | ||
| 588 | 0 | |a Vol. 23, no. 1 (Feb. 2001); title from journal information screen (viewed June 2, 2001). | |
| 588 | 1 | |a Volume 54, Issue 2 (Feb. 2020) (Oxford University Press website, viewed Feb. 10, 2020). | |
| 650 | 0 | |a Medicine and psychology |v Periodicals. | |
| 650 | 0 | |a Sick |x Psychology |v Periodicals. | |
| 650 | 2 | |a Behavioral Medicine. | |
| 650 | 7 | |a Behavioral Medicine. |2 ebps | |
| 650 | 7 | |a Medicine and psychology. |2 fast |0 (OCoLC)fst01015154 | |
| 650 | 7 | |a Sick |x Psychology. |2 fast |0 (OCoLC)fst01118051 | |
| 655 | 0 | |a Electronic journals. | |
| 710 | 2 | |a Society of Behavioral Medicine (U.S.) | |
| 776 | 0 | 8 | |i Print version: |t Annals of behavioral medicine |x 0883-6612 |w (DLC) 86642204 |w (OCoLC)12181616 |
| 850 | |a DLC | ||
| 856 | 4 | 0 | |z Full text available from Research Library: 03/01/1997 to 12/31/2017 |u https://search.proquest.com/publication/30054 |